<?xml version="1.0" encoding="UTF-8"?>
<resp>
  <nextPage>https://data.bn.org.pl/api/networks/bibs.marcxml?marc=001+b0000005649653&amp;sinceId=5649654</nextPage>
  <collection>
    <record xmlns='http://www.loc.gov/MARC21/slim'><leader>02977nam a2200745 i 4500</leader><controlfield tag='001'>b0000005649653</controlfield><controlfield tag='005'>20241203215800.3</controlfield><controlfield tag='008'>170717s1785    pl           |000 0 pol  </controlfield><controlfield tag='009'>9910335291305606</controlfield><datafield ind1=' ' ind2=' ' tag='026'><subfield code='a'>h:m. e.e-</subfield><subfield code='b'>y-a. prta (3)</subfield><subfield code='c'>1785 (A)</subfield><subfield code='5'>WA N</subfield></datafield><datafield ind1=' ' ind2=' ' tag='035'><subfield code='a'>991012602479705066</subfield></datafield><datafield ind1=' ' ind2=' ' tag='035'><subfield code='a'>(PL-WaBN)b56496539-48omnis_nlop</subfield></datafield><datafield ind1=' ' ind2=' ' tag='035'><subfield code='a'>b56496539</subfield></datafield><datafield ind1=' ' ind2=' ' tag='035'><subfield code='a'>(OCoLC)1042380356</subfield></datafield><datafield ind1=' ' ind2=' ' tag='035'><subfield code='a'>(PL)b0000005649653</subfield></datafield><datafield ind1=' ' ind2=' ' tag='040'><subfield code='a'>WA N</subfield><subfield code='c'>WA N</subfield><subfield code='d'>WA N</subfield></datafield><datafield ind1='1' ind2=' ' tag='041'><subfield code='a'>pol</subfield><subfield code='h'>fre</subfield></datafield><datafield ind1='2' ind2=' ' tag='045'><subfield code='b'>c0590</subfield><subfield code='b'>c0529</subfield></datafield><datafield ind1=' ' ind2=' ' tag='046'><subfield code='k'>1785</subfield></datafield><datafield ind1='1' ind2=' ' tag='100'><subfield code='a'>Pernetti, Jacques</subfield><subfield code='d'>(1696-1777)</subfield><subfield code='e'>Autor</subfield></datafield><datafield ind1='1' ind2='0' tag='245'><subfield code='a'>Dzieie domowe Cyrusa :</subfield><subfield code='b'>Dzieło całe wystawia obraz gruntowney cnoty, nauk z rządu politycznégo /</subfield><subfield code='c'>przekładania J. X. Kazimierza Gołeckiego, prefekta szkół poznańskich.</subfield></datafield><datafield ind1='3' ind2='0' tag='246'><subfield code='a'>Dzieje domowe Cyrusa</subfield></datafield><datafield ind1=' ' ind2=' ' tag='260'><subfield code='a'>W Poznaniu :</subfield><subfield code='b'>w Drukarni JKmci i Rzeczypospolitey,</subfield><subfield code='c'>1785.</subfield></datafield><datafield ind1=' ' ind2=' ' tag='300'><subfield code='a'>[4] karty, 92, 98, 151 stron, [1] karta ;</subfield><subfield code='c'>8°.</subfield></datafield><datafield ind1=' ' ind2=' ' tag='336'><subfield code='a'>Tekst</subfield><subfield code='b'>txt</subfield><subfield code='2'>rdacontent</subfield></datafield><datafield ind1=' ' ind2=' ' tag='337'><subfield code='a'>Bez urządzenia pośredniczącego</subfield><subfield code='b'>n</subfield><subfield code='2'>rdamedia</subfield></datafield><datafield ind1=' ' ind2=' ' tag='338'><subfield code='a'>Wolumin</subfield><subfield code='b'>nc</subfield><subfield code='2'>rdacarrier</subfield></datafield><datafield ind1=' ' ind2=' ' tag='380'><subfield code='a'>Książki</subfield></datafield><datafield ind1=' ' ind2=' ' tag='380'><subfield code='a'>Starodruki</subfield></datafield><datafield ind1=' ' ind2=' ' tag='386'><subfield code='m'>Przynależność kulturowa</subfield><subfield code='a'>Literatura francuska</subfield></datafield><datafield ind1='1' ind2=' ' tag='388'><subfield code='a'>1701-1800</subfield></datafield><datafield ind1=' ' ind2=' ' tag='500'><subfield code='a'>Autor za: Rudnicka, Powieść.</subfield></datafield><datafield ind1=' ' ind2=' ' tag='500'><subfield code='a'>Dedykacja tłumacza: ,,Do Jasnie Wielmozney JMci Pani Barbary z Kwileckich Kęszyckiej kasztelanowej kaliskiej&quot;.</subfield></datafield><datafield ind1=' ' ind2=' ' tag='500'><subfield code='a'>Księgi 1-3 z osobną paginacją.</subfield></datafield><datafield ind1='4' ind2=' ' tag='510'><subfield code='a'>Estr. XV-XVIII,</subfield><subfield code='c'>XVII, 218.</subfield></datafield><datafield ind1='4' ind2=' ' tag='510'><subfield code='a'>Rudnicka, Powieść,</subfield><subfield code='c'>605.</subfield></datafield><datafield ind1='1' ind2='7' tag='600'><subfield code='a'>Kęszycka, Barbara</subfield><subfield code='d'>(1767-1834)</subfield><subfield code='2'>DBN</subfield></datafield><datafield ind1='0' ind2='7' tag='600'><subfield code='a'>Cyrus</subfield><subfield code='b'>II Wielki</subfield><subfield code='c'>(król Persji ;</subfield><subfield code='d'>ok. 590-529 p.n.e.)</subfield><subfield code='2'>DBN</subfield></datafield><datafield ind1=' ' ind2='7' tag='648'><subfield code='a'>600-501 p.n.e.</subfield><subfield code='2'>DBN</subfield></datafield><datafield ind1=' ' ind2='7' tag='650'><subfield code='a'>Starożytność</subfield><subfield code='2'>DBN</subfield></datafield><datafield ind1=' ' ind2='7' tag='651'><subfield code='a'>Persja (państwo dawne)</subfield><subfield code='2'>DBN</subfield></datafield><datafield ind1=' ' ind2='7' tag='655'><subfield code='a'>Powieść historyczna</subfield><subfield code='2'>DBN</subfield></datafield><datafield ind1=' ' ind2='7' tag='655'><subfield code='a'>Dedykacje</subfield><subfield code='2'>DBN</subfield></datafield><datafield ind1='1' ind2=' ' tag='700'><subfield code='a'>Gołecki, Kazimierz</subfield><subfield code='d'>(1746-1808)</subfield><subfield code='e'>Tłumaczenie</subfield></datafield><datafield ind1='2' ind2=' ' tag='710'><subfield code='a'>Drukarnia Jego Królewskiej Mości i Rzeczypospolitej (Poznań).</subfield><subfield code='e'>Druk</subfield></datafield><datafield ind1=' ' ind2=' ' tag='752'><subfield code='a'>Polska</subfield><subfield code='d'>Poznań.</subfield></datafield><datafield ind1=' ' ind2=' ' tag='852'><subfield code='b'>48OMNIS_NLOP</subfield><subfield code='8'>991012602479705066</subfield></datafield><datafield ind1=' ' ind2=' ' tag='852'><subfield code='b'>48OMNIS_NETWORK</subfield><subfield code='8'>9910335291305606</subfield></datafield><datafield ind1=' ' ind2=' ' tag='852'><subfield code='8'>22513493450005066</subfield><subfield code='j'>1</subfield><subfield code='h'>SD W.1.1976</subfield><subfield code='b'>BN_PL</subfield><subfield code='p'>777i54766679</subfield><subfield code='c'>bstdr</subfield></datafield><datafield ind1=' ' ind2=' ' tag='950'><subfield code='u'>https://eu05.alma.exlibrisgroup.com/view/uresolver/48OMNIS_NETWORK/openurl?u.ignore_date_coverage=true&amp;portfolio_pid=53714655980005066&amp;Force_direct=true</subfield><subfield code='z'>Zobacz w Polonie: egzemplarz SD W.1.1976</subfield><subfield code='8'>53714655980005066</subfield></datafield></record>
  </collection>
</resp>
